فہم قر آ ن (Record no. 169777)

MARC details
000 -LEADER
fixed length control field 00560nam a22001937a 4500
005 - DATE AND TIME OF LATEST TRANSACTION
control field 20191204114559.0
010 ## - LCCN (DPL NO)
LC control number 86189-86190
020 ## - INTERNATIONAL STANDARD BOOK NUMBER
Terms of availability 2.25
International Standard Book Number -
035 ## - SYSTEM CONTROL NUMBER
System control number 86189-86190
037 ## - SOURCE OF ACQUISITION
Source of stock number/acquisition BPPD/Pub.
Stock number -
082 ## - DEWEY DECIMAL CLASSIFICATION NUMBER
Classification number 270
100 ## - MAIN ENTRY--PERSONAL NAME
Personal name سعيد ا حمد
245 ## - TITLE STATEMENT
Title فہم قر آ ن
Statement of responsibility, etc سعيد ا حمد
246 ## - VARYING FORM OF TITLE
Remainder of title Feham Quraan (Urdu)
Title proper/short title by Sayeed Ahmed
260 ## - PUBLICATION, DISTRIBUTION, ETC. (IMPRINT)
Place of publication, distribution, etc Delhi
Name of publisher, distributor, etc Ateeque ur Rehman Usmani
Date of publication, distribution, etc 1945 ء
270 ## - ADDRESS
Address Karol Bagh
City Delhi
Postal code -
Telephone number -
Fax number -
300 ## - PHYSICAL DESCRIPTION
Extent 199 ص
Dimensions 22 Cm(Hb)
942 ## - ADDED ENTRY ELEMENTS (KOHA)
Source of classification or shelving scheme Dewey Decimal Classification
Item type Urdu Bks
Classification part 270
Call number suffix س ع ی
Holdings
Withdrawn status Lost status Not for loan Collection code Home library Current library Date acquired Source of acquisition Cost, normal purchase price Full call number Barcode Copy number Cost, replacement price Koha item type
    Ordered Non-fiction Central Library Central Library 03/12/2019 BPPD/Ven. 2.25 270 س ع ی 86189 1 2.25 Urdu Bks
    Ordered Non-fiction Central Library Central Library 04/12/2019 BPPD/Ven. 2.25 270 س ع ی 86190 1 2.25 Urdu Bks

© Delhi Public Library
Hit Counter
free hit counter